Sports Quiz

Random Sports or Football Quiz

#1 Picks in the HoF (Big 4) Quiz Stats

Quiz Updated Jan 30, 2017

Challenge
Share
Tweet
Embed
Score 0/35 Timer 10:00
0 Plays Today
League Player % Correct
NBAMagic Johnson
72.3%
NBAHakeem Olajuwon
62.4%
NBAShaquille O'Neal
61.7%
NBALew Alcindor
58.5%
NBAAllen Iverson
57.2%
NBAPatrick Ewing
56.5%
NFLJohn Elway
53%
NBADavid Robinson
48.1%
MLBKen Griffey, Jr.
45.8%
NFLBruce Smith
43.4%
NBAYao Ming
42.9%
NFLTroy Aikman
42%
NHLMario Lemieux
41.3%
NBABill Walton
37.8%
NBAJames Worthy
36.7%
NBAOscar Robertson
36.1%
NFLTerry Bradshaw
33.1%
NFLO.J. Simpson
28.5%
League Player % Correct
NBAElgin Baylor
27.9%
NBARalph Sampson
26.1%
NBAElvin Hayes
23.6%
NHLEric Lindros
23.5%
NFLOrlando Pace
21.8%
NBADavid Thompson
19.8%
NFLEarl Campbell
18.6%
NHLGuy Lafleur
15.8%
NHLMike Modano
13.8%
NBABob Lanier
11%
NHLDenis Potvin
10.3%
NHLMats Sundin
9.3%
NBAWalt Bellamy
8.1%
NFLLee Roy Selmon
7.5%
NHLDale Hawerchuk
6.8%
NHLGilbert Perreault
6.8%
NFLRon Yary
5.7%

You're not logged in!

Compare scores with friends on all Sporcle quizzes.
Sign Up with Email
OR
Log In

You Might Also Like...

Show Comments

Extras

Top Quizzes Today


Score Distribution

Your Account Isn't Verified!

In order to create a playlist on Sporcle, you need to verify the email address you used during registration. Go to your Sporcle Settings to finish the process.